Mission: Impossible - Erscheinungsjahre - Statistiken

Allgemein
  • Dieses Quiz wurde 27 mal gespielt
  • Das Durchschnittsergebnis liegt bei 8 aus 8
Antwortstatistiken
Filmtitel Erscheinungsjahre % Korrekt
Mission: Impossible - Fallout 2018
100%
Mission: Impossible - Dead Reckoning 2023
100%
Mission: Impossible - Final Reckoning 2025
100%
Mission: Impossible 3 2006
95%
Mission: Impossible 1996
90%
Mission: Impossible 2 2000
90%
Mission: Impossible - Phantom Protokoll 2011
90%
Mission: Impossible - Rogue Nation 2015
90%
Keine übereinstimmenden Quizze gefunden
Verteilung der Resultate
Anzahl Personen mit jedem Resultat
Perzentil nach korrekt beantworteten Fragen
Ihre Resultats-Entwicklung
Sie haben dieses Quiz noch nicht gespielt